banner-ar

LONGMAN BIOLOGY HANDBOOK: LIVING ORGANISM IN ALL FORMS EXPLAINED AND ILLUSTRATED / (Record no. 21774)

MARC details
000 -الفاتح
حقل البيانات ثابتة الطول 00549nam a2200193Ia 4500
008 - عناصر البيانات ثابتة الطول - معلومات عامة
حقل البيانات ثابتة الطول 140319s9999 xx 000 0 eng d
040 ## - مصدر الفهرسة
وكالة الفهرسة الأصلية GCL /
وكالة النسخ GCL
082 04 - رقم تصنيف ديوى العشرى
رقم التصنيف 570.3
رقم المادة C L
100 1# - المدخل الرئيسى - إسم شخصى
الإسم الشخصى CURTIS, NEIL
245 10 - بيان العنوان
العنوان LONGMAN BIOLOGY HANDBOOK: LIVING ORGANISM IN ALL FORMS EXPLAINED AND ILLUSTRATED /
بيان المسئوليه,etc CURTIS, NEIL
260 ## - PUBLICATION, DISTRIBUTION, ETC. (IMPRINT)
تاريخ النشر أو التوزيع 1985
300 ## - الوصف المادى
التعداد 256 P
650 04 - المدخل الاضافى بالموضوع-مصطلح موضوعى
مصطلح موضوعي GENETICS
650 04 - المدخل الاضافى بالموضوع-مصطلح موضوعى
مصطلح موضوعي ECOLOGY
650 04 - المدخل الاضافى بالموضوع-مصطلح موضوعى
مصطلح موضوعي BIOLOGY
650 04 - المدخل الاضافى بالموضوع-مصطلح موضوعى
مصطلح موضوعي ENCYCLOPEDIAS AND DICTIONARIES
942 ## - عناصر المدخل الإضافي( كوها)
مصدر التصنيف او مخطط الترفيف Dewey Decimal Classification
Koha [default] item type كتاب
260 ## - PUBLICATION, DISTRIBUTION, ETC. (IMPRINT)
-- [S.N] :
-- LONGMAN GROUP UK LIMITED ،
Holdings
حالة التراجع حالة الفقد حالة تلف ليس للاعارة المكان المؤقت الموقع الحالى تاريخ الاكتساب اجمالي اﻻعارات رقم الطلب الباركود تاريخ اخر مشاهدة تاريخ تفعيل السعر نوع وعاء كوها
        مكتبة القاهرة الكبرى مكتبة القاهرة الكبرى 03/26/2014   570.3\C L 39955 03/26/2014 03/26/2014 كتاب

Powered By

EGPV